Czy Masz Więcej Niż 2 IQ #3 - Statystyki

Ogólne statystyki
  • Ten quiz został rozwiązany 401 razy
  • Średni wynik to 8 z 10
Statystyki odpowiedzi
Pytanie Odpowiedź % Poprawnych
Obecny prezydent Polski (2020-10-29) Andrzej Duda
97%
Drugie największe miasto w Polsce Kraków
97%
Jak się nazywa planeta na której żyjemy Ziemia
97%
6x300= 1800
94%
Najwyższy szczyt w Polsce to: Rysy
82%
Co to za imię?K_r_el_a Kornelia
79%
Jeden z mniejszych krajów w Europie ma bardzo podobną flagę do flagi Holandii\Niderlandów Luksemburg
79%
Prezydent USA który w 2016 wygrał z Hilary Clinton Donald Trump
76%
Danzig . Jakie to miasto w Polsce? Gdańsk
63%
Przywódca Wielkiej Brytanii podczas II wojny światowej (Imię i nazwisko) Winston Churchill
55%
Nie znaleziono quizów pasujących do podanych kryteriów
Rozkład punktacji
Procent ludzi z każdym wynikiem
Percentyl według liczby udzielonych odpowiedzi
Twoja historia wyników
Nie rozwiązałeś tego quizu